Music Quiz

Random Music or Song Quiz

Monty Python's Bruces' Philosophers Song Quiz Stats

 Plays Quiz not verified by Sporcle

Score 0/14 Timer 04:00
0 Plays Today
Number Philosopher % Correct
1Immanuel Kant
100%
2Martin Heidegger
92.9%
8Socrates
92.9%
14Socrates
92.9%
11Aristotle
85.7%
3David Hume
78.6%
9John Stuart Mill
78.6%
Number Philosopher % Correct
10Plato
78.6%
12Thomas Hobbes
78.6%
13René Descartes
78.6%
4Wilhelm Friedrich Hegel
71.4%
5Ludwig Wittgenstein
57.1%
7Friedrich Nietzsche
57.1%
6Karl Wilhelm Friedrich Schlegel
50%

You're not logged in!

Compare scores with friends on all Sporcle quizzes.
OR
Log In

You Might Also Like...

Show Comments

Extras

Top Quizzes Today


Score Distribution

Your Account Isn't Verified!

In order to create a playlist on Sporcle, you need to verify the email address you used during registration. Go to your Sporcle Settings to finish the process.

Report this User

Report this user for behavior that violates our Community Guidelines.

Details: